Welcome to the Holygrace Academy Library

Please use search bar below to get started

GENERAL ERRORS IN ENGLISH (Record no. 4108)

MARC details
000 -LEADER
fixed length control field 00308nam a22001337a 4500
020 ## - INTERNATIONAL STANDARD BOOK NUMBER
ISBN 81-304-0522-9
082 ## - DEWEY DECIMAL CLASSIFICATION NUMBER
Classification number 425
Item number BAN/G
100 ## - MAIN ENTRY--AUTHOR NAME
Personal name BANSAL,SAMEER
245 ## - TITLE STATEMENT
Title GENERAL ERRORS IN ENGLISH
260 ## - PUBLICATION, DISTRIBUTION, ETC. (IMPRINT)
Place of publication DELHI
Name of publisher TINY TOT PUBLICATIONS
300 ## - PHYSICAL DESCRIPTION
Number of Pages 160
650 ## - SUBJECT ADDED ENTRY--TOPICAL TERM
Topical Term ERRORS IN ENGLISH
Geographic subdivision DELHI
942 ## - ADDED ENTRY ELEMENTS (KOHA)
Koha item type Books
Holdings
Withdrawn status Lost status Collection code Home library Current library Shelving location Date acquired Source of acquisition Cost, normal purchase price Full call number Accession Number Koha item type
    Reference Main Library Main Library SHELF-16D -ENGLISH GRAMMAR ,POEMS 11/10/2023 PURCHASE 50.00 425 BAN/G 03407 Books